Southville International School and Colleges
Your cart is empty.
  • Cart
  • Lists
    Public lists Eva Luna New books Lux_list list_1
    Your lists Log in to create your own lists
  • Log in to your account
  • Your cookies
  • Search history
Southville International School and Colleges
  • Advanced search
  • Recent comments
  • Most popular
  • Libraries

Log in to your account

Log in with GOOGLE


If you do not have an external account, but do have a local account, you can still log in:

  1. Home
  2. MARC view: Mother Goose /
Normal view MARC view ISBD view

Mother Goose / (Record no. 111623)

[ view plain ]
MARC details
000 -LEADER
fixed length control field 00428nam a2200169 a 4500
001 - CONTROL NUMBER
control field 3027
005 - DATE AND TIME OF LATEST TRANSACTION
control field 20140414131918.0
008 - FIXED-LENGTH DATA ELEMENTS--GENERAL INFORMATION
fixed length control field 060131s19uu xx 00 eng d
050 ## - LIBRARY OF CONGRESS CALL NUMBER
Classification number ER
Item number M71
100 ## - MAIN ENTRY--PERSONAL NAME
Personal name Wilkin, Eloise
245 ## - TITLE STATEMENT
Title Mother Goose /
Statement of responsibility, etc by Eloise Wilkin.
260 ## - PUBLICATION, DISTRIBUTION, ETC. (IMPRINT)
Name of publisher, distributor, etc Golden Books.
300 ## - PHYSICAL DESCRIPTION
Extent 1 v. p. ; cm.
440 ## - SERIES STATEMENT/ADDED ENTRY--TITLE
Title Little golden treasures
650 ## - SUBJECT ADDED ENTRY--TOPICAL TERM
Topical term or geographic name as entry element Rhymes
General subdivision Juvenile literature.
Holdings
Withdrawn status Lost status Damaged status Use restrictions Home library Current library Shelving location Date acquired Source of acquisition Total Checkouts Full call number Barcode Date last seen Price effective from Koha item type
        Munich Library Munich Library Easy Reading Section 01/31/2006     ER M71 M2432 04/14/2014 04/14/2014 Books

Mother Goose /

APA

Wilkin E., .Mother Goose. : Golden Books.

Chicago

Wilkin Eloise, .Mother Goose. : Golden Books.

Harvard

Wilkin E., .Mother Goose. : Golden Books.

MLA

Wilkin Eloise, .: Golden Books. .

  • Place hold
  • Print
  • Cite
  • Add to your cart (remove)
  • Save record
    BIBTEX Dublin Core MARCXML MARC (non-Unicode/MARC-8) MARC (Unicode/UTF-8) MARC (Unicode/UTF-8, Standard) MODS (XML) RIS
  • More searches
    Search for this title in:
    Other Libraries (WorldCat) Other Databases (Google Scholar) Online Stores (Bookfinder.com) Open Library (openlibrary.org)

Exporting to Dublin Core...

SOUTHVILLE LIBRARY

Southville International School and Colleges Library

1281 Tropical Ave. Cor. Luxembourg St., BF Homes International, Las Pinas City

Tel. No. 8256374 / 252358 Loc. 117/146

Powered by Koha